Total quality training : The quality culture and quality trainer

Bibliographic Details
Main Author: Thomas, Brian
Format: Book
Published: London : McGraw Hill Book Co. , 1992
Subjects:

MARC

LEADER 00000cam a2200000 7i4500
001 0000003895
005 20050420.0
020 |a 0077074726 
040 |a INS 
090 0 0 |a HF5549.5.T7   |b T46 1992 
100 1 |a Thomas, Brian 
245 1 0 |a Total quality training :   |b The quality culture and quality trainer   |c Brian Thomas 
260 |a London :   |b McGraw Hill Book Co. ,   |c 1992 
300 |a viii, 185p. ;   |c 24.5 cm. 
650 0 0 |a Employees,Training of 
650 0 0 |a Total quality management 
650 0 0 |a Training 
999 |a 0000005165   |b BOOK   |c Open Shelf   |e Default branch